000 00593cam a2200145 4500500
005 20260208020523.0
041 _afre
042 _adc
100 1 0 _aGabaude, Jean-Marc
_eauthor
245 0 0 _aBernard Rousset, Geulincx entre Descartes et Spinoza, Paris, Vrin, 1999, 219 p., Bibliothèque d’Histoire de la Philosophie, 198 F.
260 _c2002.
500 _a19
786 0 _nRevue philosophique de la France et de l'étranger | 127 | 4 | 2002-12-01 | p. 433z-502z | 0035-3833
856 4 1 _uhttps://shs.cairn.info/revue-philosophique-2002-4-page-433z?lang=fr&redirect-ssocas=7080
999 _c1660992
_d1660992